Análisis y recomendaciones para tener un sistema eléctrico confiable en el Campus Universitario Rodrigo Faci
Guardat en:
| Autor principal: | |
|---|---|
| Format: | Llibre |
| Publicat: |
[San José, Costa Rica]
2006
|
| Matèries: | |
| Etiquetes: |
Afegir etiqueta
Sense etiquetes, Sigues el primer a etiquetar aquest registre!
|
MARC
| LEADER | 00000nam a2200000Ia 4500 | ||
|---|---|---|---|
| 003 | 009790 | ||
| 005 | 20221231144119.0 | ||
| 008 | 140114s2006 cr a 000 ||s d | ||
| 040 | |c cru CEDI | ||
| 090 | |a TFG 5314 | ||
| 100 | |a Arce Murillo, Geovanny |9 3810 | ||
| 245 | |a Análisis y recomendaciones para tener un sistema eléctrico confiable en el Campus Universitario Rodrigo Faci | ||
| 260 | |c 2006 |b [San José, Costa Rica] | ||
| 300 | |a ix, 77 hojas : ilustraciones (algunas a color) | ||
| 500 | |a Proyecto de graduación (bachillerato en ingeniería eléctrica) --Universidad de Costa Rica. Facultad de Ingeniería. Escuela de Ingeniería Eléctrica | ||
| 650 | |x CIUDAD UNIVERSITARIA RODRIGO FACIO (SAN JOSE, COSTA RICA) |x SISTEMAS DE ENERGIA ELECTRICA |x CONFIABILIDAD |x MEDIDAS DE SEGURIDAD |x DISTRIBUCION DE ENERGIA ELECTRICA |9 5401 | ||
| 942 | |c TFG | ||
| 999 | |c 17078 |d 17078 | ||
